Ed Sheeran - Azizam Lyrics - Statistics

General Stats
  • This quiz has been taken 39 times
  • The average score is 172 of 250
Answer Stats
Lyrics % Correct
a
100%
Azizam
93%
azizam
93%
I
93%
on
90%
the
90%
to
90%
Be
86%
be
86%
me
86%
floor
83%
what
83%
you
83%
how
79%
In
79%
in
79%
move
79%
Show
79%
tonight
79%
your
79%
like
76%
Meet
76%
mine
72%
wanna
72%
water
72%
lights
69%
dancing
66%
and
62%
And
62%
can
62%
care
62%
here
62%
now
62%
free
59%
this
59%
with
59%
between
55%
but
55%
do
55%
lost
55%
ocean
55%
place
55%
sun
55%
time
52%
tomorrow
52%
we
52%
come
48%
don't
48%
face
48%
moment
48%
nowhere
48%
our
48%
say
48%
space
48%
wait
48%
careless
45%
get
45%
it
45%
magnet
45%
play
45%
they
45%
way
45%
all
41%
close
41%
drown
41%
one
41%
tangled
38%
that
38%
wrapped
38%
cloud
34%
found
34%
is
34%
see
34%
game
31%
if
31%
just
31%
then
31%
Well
31%
awake
28%
live
28%
love's
28%
Till
28%
losing
17%
No matching quizzes found
Score Distribution
Percent of People with Each Score
Percentile by Number Answered
Your Score History
You have not taken this quiz